00000000cam 2200000zi 4500
0019.962067
003CaOODSP
00520260514091807
006m     o  d f      
007cr cn ||||||||
008260421t20262026onca    os   f000 0 eng d
020 |a9780660996455
040 |aCaOODSP|beng|erda|cCaOODSP
043 |an-cn---
0861 |aCR22-140/2026E-PDF
24500|aCanada Impact+ Research Chairs and Canada Impact+ Emerging Leaders : |bintake 1 application statistics.
2463 |aCanada Impact plus Research Chairs and Canada Impact plus Emerging Leaders
264 1|a[Ottawa] : |bSocial Sciences and Humanities Research Council of Canada = Conseil de recherches en sciences humaines du Canada, |c[2026]
264 4|c©2026
300 |a1 online resource ([1] page) : |billustrations
336 |atext|btxt|2rdacontent
337 |acomputer|bc|2rdamedia
338 |aonline resource|bcr|2rdacarrier
500 |aIssued also in French under title: Chaires de recherche et Leaders émergents Impact+ Canada : statistiques sur les demandes de la 1re cohorte.
650 0|aResearch|zCanada|vStatistics.
655 7|aStatistics|2lcgft
655 7|aInfographics|2lcgft
7102 |aSocial Sciences and Humanities Research Council of Canada, |eissuing body.
77508|tChaires de recherche et Leaders émergents Impact+ Canada : |w(CaOODSP)9.962066
85640|qPDF|s3.32 MB|uhttps://publications.gc.ca/collections/collection_2026/crsh-sshrc/CR22-140-2026-eng.pdf
8564 |qHTML|sN/A|uhttps://canada-preview.adobecqms.net/en/impact-plus-chairs/about/publications/2026/intake-one-statistics-infographic.html